Teorie pravděpodobnosti
Salvato in:
| Autore principale: | |
|---|---|
| Natura: | Libro |
| Lingua: | ceco |
| Pubblicazione: |
Praha
Státní nakladatelství technické literatury
1978
|
| Serie: | Teoretická knižnice inženýra
|
| Tags: |
Nessun Tag, puoi essere il primo ad aggiungerne!!
|
MARC
| LEADER | 00000nam a2200000 4500 | ||
|---|---|---|---|
| 001 | c119715 | ||
| 005 | 20250520102355.3 | ||
| 041 | 0 | |a cze | |
| 044 | |a CZ | ||
| 245 | 1 | 0 | |a Teorie pravděpodobnosti |c V.n. Tutubalin ; [Z rus. orig. přel. Jiří Brabec, Jan Havrda] |
| 264 | 1 | |a Praha |b Státní nakladatelství technické literatury |c 1978 | |
| 300 | |a 213 s. | ||
| 490 | 1 | |a Teoretická knižnice inženýra | |
| 830 | 0 | |a Teoretická knižnice inženýra | |
| 100 | 1 | |a Tutubalin, V.n. | |